[Event "Mistrzostwa Polski Nauczycieli"]
[Site "Krakow"]
[Date "2010.06.04"]
[Round "4.1"]
[White "Wlodarczyk, Oskar"]
[Black "Sadzikowski, Daniel"]
[Result "0-1"]
[BlackElo "2258"]
[BlackTitle "k++"]
[WhiteElo "2328"]
[WhiteTitle "m"]

1. e4 e5 2. Nf3 Nc6 3. Bb5 a6 4. Bxc6 dxc6 5. O-O Ne7 6. Nxe5 Qd4 7. Nf3 Qxe4 8.
Re1 Qg6 9. Ne5 Qf5 10. d4 Be6 11. Nc3 h6 12. Ne4 Nd5 13. c4 Nf6 14. Ng3 Qh7 15.
d5 O-O-O 16. Nxc6 bxc6 17. Qa4 cxd5 18. Qxa6+ Kd7 19. Qb5+ Kc8 20. c5 Qc2 21.
Be3 Qc4 22. Qc6 Kb8 23. b3 Qb4 24. a3 Qb7 25. Qa4 d4 26. Bxd4 Bxb3 27. Qa5 Rxd4
28. Rab1 Bxc5 29. Qxc5 Rhd8 30. Qc3 Rd3 31. Qb2 Rd1 32. Nf1 Rxe1 33. Rxe1 Rd1
34. Qc3 Rxe1 35. Qxe1 Qe4 36. Qc3 Bd5 37. f3 Qc4 38. Qb2+ Bb7  0-1

[Event "Mistrzostwa Polski Nauczycieli"]
[Site "Krakow"]
[Date "2010.06.04"]
[Round "4.2"]
[White "Kukula, Pawel"]
[Black "Bielczyk, Jacek"]
[Result "1/2-1/2"]
[BlackElo "2301"]
[BlackTitle "IM"]
[WhiteElo "2261"]
[WhiteTitle "k+"]

1. e4 e6 2. d4 c5 3. c3 d5 4. e5 Nc6 5. Nf3 Qb6 6. a3 Nh6 7. b4 cxd4 8. cxd4 Nf5
9. Bb2 Be7 10. Bd3 Bd7 11. Bxf5 exf5 12. Nc3 Be6 13. O-O O-O 14. Na4 Qb5 15.
Nc3 Qb6 16. Qd3 Rfc8 17. Na4 Qd8 18. Rfe1 b6 19. h3 Qd7 20. Qb3 Nd8 21. Bc3 Qb5
 1/2-1/2

[Event "Mistrzostwa Polski Nauczycieli"]
[Site "Krakow"]
[Date "2010.06.04"]
[Round "4.3"]
[White "Pacuszka, Tomasz"]
[Black "Szymczak, Rafal"]
[Result "1-0"]
[BlackElo "2064"]
[BlackTitle "I++"]
[WhiteElo "2295"]
[WhiteTitle "FM"]

1. Nc3 d5 2. e4 dxe4 3. Nxe4 Bf5 4. Ng3 Bg6 5. d4 e6 6. Nf3 Nd7 7. Bc4 c6 8. Qe2
h6 9. O-O Be7 10. a3 Ngf6 11. Re1 Nd5 12. Ba2 b5 13. Bd2 O-O 14. Rac1 Re8 15.
Ne5 Nxe5 16. dxe5 Qb8 17. Qg4 a5 18. h4 Kh8 19. h5 Bh7 20. Kh1 Qb6 21. Re2 c5
22. Bxd5 exd5 23. e6 fxe6 24. Rxe6 Bd6 25. Rce1 Rxe6 26. Rxe6 Qc7 27. Nf5 Be5
28. Bxa5 Qxa5 29. Rxe5 Rg8 30. c3 Qd8 31. Ne7 Rf8 32. Nxd5 Rxf2 33. Qg3 Rf1+
34. Kh2 Qf8 35. Ne3 Rf2 36. b4 cxb4 37. axb4 Bd3 38. Rd5 Be2 39. Kg1 Rf6 40.
Qc7 Kh7 41. Rd8 Qf7 42. Qxf7 Rxf7 43. Rd5 g6 44. hxg6+ Kxg6 45. Rc5 Rf6 46. Nd5
Rf1+ 47. Kh2 Bc4 48. Ne3 Rf4 49. Kg3 Re4 50. Kf3 Bd3 51. Rd5 Bb1 52. Rd1  1-0

[Event "Mistrzostwa Polski Nauczycieli"]
[Site "Krakow"]
[Date "2010.06.04"]
[Round "4.4"]
[White "Wiecek, Pawel"]
[Black "Slabek, Grzegorz"]
[Result "0-1"]
[BlackElo "2037"]
[BlackTitle "k"]
[WhiteElo "2047"]
[WhiteTitle "I+"]

1. d4 d5 2. Nc3 c5 3. e4 e6 4. exd5 exd5 5. Nf3 Nf6 6. Bg5 Be6 7. Bb5+ Nc6 8.
O-O Be7 9. dxc5 O-O 10. Nd4 Nxd4 11. Qxd4 h6 12. Bf4 a6 13. Be2 Nd7 14. Bd6
Bxd6 15. cxd6 Nf6 16. Bf3 Qxd6 17. Ne4 Nxe4 18. Bxe4 Qc6 19. Bd3 Rac8 20. Rfd1
Qc5 21. Qxc5 Rxc5 22. c3 a5 23. a3 Rfc8 24. Bb1 Kf8 25. Ba2 R8c6 26. Rd4 Rb6
27. Rd2 a4 28. Re1 Rcb5 29. Ree2 d4 30. c4 d3 31. Re1 Rxb2 32. Red1 Rxd2 33.
Rxd2 Bxc4  0-1

[Event "Mistrzostwa Polski Nauczycieli"]
[Site "Krakow"]
[Date "2010.06.04"]
[Round "4.5"]
[White "Czyrnek, Stanislaw"]
[Black "Remez, Serhiy"]
[Result "1-0"]
[BlackElo "2019"]
[BlackTitle "I"]
[WhiteElo "1990"]
[WhiteTitle "I+"]

1. e4 e5 2. Nf3 Nc6 3. d4 exd4 4. Nxd4 Bc5 5. Be3 Qf6 6. c3 Nge7 7. Bc4 O-O 8.
O-O Bb6 9. Na3 Ne5 10. Be2 d6 11. Qd2 h6 12. f4 N5g6 13. Nc4 Nc6 14. Nxb6 axb6
15. Nb5 Qd8 16. f5 Nge5 17. f6 gxf6 18. Bxh6 Re8 19. Nd4 Nxd4 20. cxd4 Ng6 21.
Bd3 Ra5 22. Rf3 d5 23. e5 fxe5 24. Bxg6 fxg6 25. Raf1 Bf5 26. dxe5 Rc5 27. Bg5
Qd7 28. Bf6 Qh7 29. b4 Rc2 30. Qxd5+ Be6 31. Qe4 Rc4 32. Qd3 Rxb4 33. Rg3 Rg4
34. Rh3 Bc4 35. Qf3  1-0

[Event "Mistrzostwa Polski Nauczycieli"]
[Site "Krakow"]
[Date "2010.06.04"]
[Round "4.6"]
[White "Garbowska, Hanna"]
[Black "Ocwieja, Piotr"]
[Result "1-0"]
[BlackElo "1668"]
[BlackTitle "II"]
[WhiteElo "2036"]
[WhiteTitle "k"]

1. e4 e5 2. Nf3 Nc6 3. Bc4 Nf6 4. d3 Bc5 5. O-O d6 6. c3 O-O 7. Bg5 Be6 8. Bb5
a6 9. Ba4 Bg4 10. Nbd2 b5 11. Bc2 b4 12. Re1 Re8 13. Nf1 bxc3 14. bxc3 h6 15.
Be3 Bxe3 16. Nxe3 Bh5 17. Ba4 Qd7 18. Nd5 Re6 19. Nb4 Bxf3 20. Qxf3 Nd4 21. Qd1
Nb5 22. c4 c5 23. Nxa6 Nh7 24. Bxb5 Qe7  1-0

[Event "Mistrzostwa Polski Nauczycieli"]
[Site "Krakow"]
[Date "2010.06.04"]
[Round "4.7"]
[White "Bujak, Jozef"]
[Black "Janik, Andrzej"]
[Result "1/2-1/2"]
[BlackElo "1929"]
[BlackTitle "I"]
[WhiteElo "1926"]
[WhiteTitle "I"]

1. d4 d5 2. c4 c6 3. cxd5 cxd5 4. Nc3 Nc6 5. Nf3 Nf6 6. Bf4 Bf5 7. e3 e6 8. Bd3
Bxd3 9. Qxd3 Bd6 10. Bxd6 Qxd6 11. O-O O-O 12. Rac1 Rac8  1/2-1/2

[Event "Mistrzostwa Polski Nauczycieli"]
[Site "Krakow"]
[Date "2010.06.04"]
[Round "4.8"]
[White "Michalik, Marek"]
[Black "Ciba, Przemyslaw"]
[Result "0-1"]
[BlackElo "1942"]
[BlackTitle "II+"]
[WhiteElo "1824"]
[WhiteTitle "I"]

1. e4 g6 2. d4 Bg7 3. f4 Nh6 4. Nf3 c5 5. Be3 Ng4 6. Bg1 d6 7. Nc3 O-O 8. Qd2 b6
9. O-O-O Nd7 10. h3 Ngf6 11. e5 Ne8 12. g4 Bb7 13. Bg2 cxd4 14. Bxd4 Rc8 15. h4
Nc5 16. h5 Ne4 17. Nxe4 Bxe4 18. Ng5 Rxc2+ 19. Qxc2 Bxc2 20. Kxc2 Qc8+ 21. Kb1
Qxg4 22. hxg6 hxg6 23. Rdg1 Qxf4 24. Be4 dxe5 25. Bc3 Nf6 26. Bc2 Nd5 27. Be1
Rc8 28. Rh3 e4  0-1

[Event "Mistrzostwa Polski Nauczycieli"]
[Site "Krakow"]
[Date "2010.06.04"]
[Round "4.9"]
[White "Nawrot, Zbigniew"]
[Black "Sadzikowski, Marian"]
[Result "0-1"]
[BlackElo "1911"]
[BlackTitle "I"]
[WhiteElo "1667"]
[WhiteTitle "II"]

1. e4 b6 2. d4 Bb7 3. Nc3 e6 4. a3 d5 5. exd5 exd5 6. Be2 Bd6 7. Nh3 Nf6 8. Nb5
Be7 9. Bf4 Na6 10. O-O O-O 11. Nc3 c6 12. Re1 Nc7 13. Bd3 Ne6 14. Be3 Bd6 15.
Bf5 Bc8 16. Qf3 c5 17. Bxe6 fxe6 18. Qd1 Qc7 19. f4 cxd4 20. Nb5 Qd7 21. Nxd4
Ne4 22. g3 e5 23. fxe5 Qxh3 24. exd6 Nxg3 25. Nc6 Be6 26. Ne7+ Kh8 27. Bd4 Rf4
28. Be5 Rg4 29. hxg3 Rxg3+ 30. Bxg3 Qxg3+ 31. Kh1 Bg4 32. Ng6+ hxg6 33. d7 Bf3+
34. Qxf3 Qxf3+  0-1

[Event "Mistrzostwa Polski Nauczycieli"]
[Site "Krakow"]
[Date "2010.06.04"]
[Round "4.10"]
[White "Kosiba, Marcin"]
[Black "Ruggiero, Janusz"]
[Result "0-1"]
[BlackElo "1669"]
[BlackTitle "II"]
[WhiteElo "1905"]
[WhiteTitle "II"]

1. e4 e5 2. f4 Bc5 3. Nf3 d6 4. Bc4 Nf6 5. c3 Nc6 6. d4 exd4 7. cxd4 Bb4+ 8. Bd2
Bxd2+ 9. Nbxd2 Bg4 10. e5 dxe5 11. fxe5 Nd5 12. O-O Ne3 13. Qb3 Nxf1 14. Bxf7+
Ke7 15. Rxf1 Nxd4 16. Qb4+ Kxf7 17. Nxd4+ Kg6 18. Nc6 Qg5 19. Ne7+ Kh6 20. h3
Bxh3 21. Qe4 Rhf8 22. Re1 Rf4 23. Qxb7 Bxg2  0-1

[Event "Mistrzostwa Polski Nauczycieli"]
[Site "Krakow"]
[Date "2010.06.04"]
[Round "4.11"]
[White "Kozlowski, Cezary"]
[Black "Beker, Cezary"]
[Result "1/2-1/2"]
[BlackElo "1849"]
[BlackTitle "II"]
[WhiteElo "1637"]
[WhiteTitle "II"]

1. e4 c5 2. Nf3 Nc6 3. Nc3 Nf6 4. d4 cxd4 5. Nxd4 e5 6. Ndb5 d6 7. Bg5 a6 8. Na3
b5 9. Nd5 Qa5+ 10. Bd2 Qd8 11. Bg5 Qa5+  1/2-1/2

[Event "Mistrzostwa Polski Nauczycieli"]
[Site "Krakow"]
[Date "2010.06.04"]
[Round "5.1"]
[White "Sadzikowski, Daniel"]
[Black "Kukula, Pawel"]
[Result "1/2-1/2"]
[BlackElo "2261"]
[BlackTitle "k+"]
[WhiteElo "2258"]
[WhiteTitle "k++"]

1. e4 e5 2. Nf3 Nc6 3. Bb5 a6 4. Ba4 Nf6 5. O-O Be7 6. Re1 b5 7. Bb3 d6 8. c3
O-O 9. d4 Bg4 10. Be3 exd4 11. cxd4 Na5 12. Bc2 c5 13. dxc5 dxc5 14. Nc3 Nc4
15. e5 Qxd1 16. Raxd1 Nd7 17. h3 Nxe3 18. Rxe3 Be6 19. Be4 Rad8 20. Bb7 b4 21.
Nd5 Bxd5 22. Rxd5 Nb6 23. Rxd8 Rxd8 24. Bxa6 Ra8 25. Bb5 Rxa2 26. b3 Ra1+ 27.
Kh2  1/2-1/2

[Event "Mistrzostwa Polski Nauczycieli"]
[Site "Krakow"]
[Date "2010.06.04"]
[Round "5.2"]
[White "Bielczyk, Jacek"]
[Black "Czyrnek, Stanislaw"]
[Result "1-0"]
[BlackElo "1990"]
[BlackTitle "I+"]
[WhiteElo "2301"]
[WhiteTitle "IM"]

1. e4 e5 2. Nf3 Nc6 3. Bb5 d6 4. d4 exd4 5. Nxd4 Bd7 6. Nc3 Ne5 7. f4 Ng6 8. Qe2
c6 9. Bd3 Qb6 10. Nb3 Nf6 11. h3 O-O-O 12. Be3 Qc7 13. O-O-O Kb8 14. Rhf1 Re8
15. Qf2 b6 16. e5 dxe5 17. Bxg6 hxg6 18. fxe5 Nd5 19. Nxd5 cxd5 20. Qxf7 Rc8
21. Rf2 Qc6 22. Nd4 Qb7 23. Qxg6 Bc5 24. Rf7 Rc7 25. e6 Be8 26. Qxg7 Bxf7 27.
Qxh8+ Rc8 28. Qe5+ Ka8 29. exf7 Qxf7 30. Nb5 a6 31. Bxc5 Rxc5 32. Nd4 a5 33.
Ne6 Qe7 34. Rxd5 Rc6 35. Rd8+ Ka7 36. Qb8+ Ka6 37. Qa8+  1-0

[Event "Mistrzostwa Polski Nauczycieli"]
[Site "Krakow"]
[Date "2010.06.04"]
[Round "5.3"]
[White "Slabek, Grzegorz"]
[Black "Pacuszka, Tomasz"]
[Result "1/2-1/2"]
[BlackElo "2295"]
[BlackTitle "FM"]
[WhiteElo "2037"]
[WhiteTitle "k"]

1. d4 d5 2. Nf3 c6 3. e3 e6 4. Be2 f5 5. Ne5 Nf6 6. Bh5+ g6 7. Be2 Nbd7 8. Nd3
Bd6 9. b3 Qe7 10. Bb2 Ne4 11. Ne5 O-O 12. O-O Qg7 13. f4 Nxe5 14. dxe5 Be7 15.
Nd2 Bd7 16. Nxe4 fxe4 17. c4 g5 18. Bg4 Bc5 19. cxd5 Bxe3+ 20. Kh1 cxd5 21. f5
Qh6 22. f6 Bf4 23. h3 Qh4 24. Rc1 Qg3 25. Rxf4 gxf4 26. Rc3 f3 27. gxf3 Rac8
28. Qd2 Kh8 29. Qg5 Qe1+ 30. Kh2 Qf2+ 31. Kh1  1/2-1/2

[Event "Mistrzostwa Polski Nauczycieli"]
[Site "Krakow"]
[Date "2010.06.04"]
[Round "5.4"]
[White "Szymczak, Rafal"]
[Black "Wlodarczyk, Oskar"]
[Result "0-1"]
[BlackElo "2328"]
[BlackTitle "m"]
[WhiteElo "2064"]
[WhiteTitle "I++"]

1. f4 e5 2. fxe5 d6 3. exd6 Bxd6 4. Nf3 g5 5. g3 g4 6. Nh4 Be7 7. Ng2 h5 8. d4
h4 9. Bf4 Bd6 10. Bxd6 Qxd6 11. Nxh4 Qb4+ 12. Qd2 Qxb2 13. Qc3 Qc1+ 14. Kf2 Ne7
15. e4 Qg5 16. Qxc7 Qf6+ 17. Ke1 Qxd4 18. Nc3 Nbc6 19. Bb5 Qxc3+  0-1

[Event "Mistrzostwa Polski Nauczycieli"]
[Site "Krakow"]
[Date "2010.06.04"]
[Round "5.5"]
[White "Ciba, Przemyslaw"]
[Black "Garbowska, Hanna"]
[Result "1/2-1/2"]
[BlackElo "2036"]
[BlackTitle "k"]
[WhiteElo "1942"]
[WhiteTitle "II+"]

1. Nf3 d5 2. e3 e6 3. d4 Nf6 4. Be2 Be7 5. O-O O-O 6. Nbd2 b6 7. a3 Bb7 8. b3
Nbd7 9. Bb2 c5 10. Ne5 Rc8 11. f4 Qc7 12. Rc1 Ne4 13. Nxe4 dxe4 14. c4 Rfd8 15.
Qe1 Bf6 16. g4 g6 17. Qg3 cxd4 18. exd4 Nxe5 19. fxe5 Bg5 20. Rcd1 Qe7 21. Bc3
Bh4 22. Qf4 Bg5 23. Qg3  1/2-1/2

[Event "Mistrzostwa Polski Nauczycieli"]
[Site "Krakow"]
[Date "2010.06.04"]
[Round "5.6"]
[White "Sadzikowski, Marian"]
[Black "Wiecek, Pawel"]
[Result "0-1"]
[BlackElo "2047"]
[BlackTitle "I+"]
[WhiteElo "1911"]
[WhiteTitle "I"]

1. e4 e5 2. f4 d5 3. d4 exd4 4. Qxd4 dxe4 5. Qxe4+ Be7 6. Nc3 Nf6 7. Qd3 O-O 8.
Bd2 Nbd7 9. O-O-O Nc5 10. Qg3 c6 11. Nh3 b5 12. Nf2 b4 13. Be3 Qa5 14. Bxc5
Bxc5 15. Nfe4 Be7 16. Nxf6+ Bxf6 17. Ne4 Be7 18. Bc4 Bf5 19. Rhe1 Rad8 20. Ng5
Rxd1+ 21. Rxd1 Qc5 22. Qb3 Bxg5 23. fxg5 Bg6 24. h4 a5 25. Bd3 Qe3+ 26. Kb1 Rd8
27. Rf1 Rxd3 28. Qa4 Qe2 29. Rc1 Rd1  0-1

[Event "Mistrzostwa Polski Nauczycieli"]
[Site "Krakow"]
[Date "2010.06.04"]
[Round "5.7"]
[White "Ruggiero, Janusz"]
[Black "Bujak, Jozef"]
[Result "0-1"]
[BlackElo "1926"]
[BlackTitle "I"]
[WhiteElo "1669"]
[WhiteTitle "II"]

1. d4 Nf6 2. c4 g6 3. Nc3 d5 4. Nf3 Bg7 5. e3 O-O 6. Bd3 c5 7. b3 cxd4 8. exd4
Nc6 9. h3 dxc4 10. Bxc4 Qa5 11. Bd2 Qf5 12. O-O Rd8 13. Be3 e5 14. g4 Nxg4 15.
hxg4 Qxg4+ 16. Kh1 exd4 17. Bg5 Qh5+ 18. Kg1 Bg4 19. Ne4 Bxf3 20. Ng3 Qg4 21.
Be2 Bxe2 22. Qxe2 Qxg5  0-1

[Event "Mistrzostwa Polski Nauczycieli"]
[Site "Krakow"]
[Date "2010.06.04"]
[Round "5.8"]
[White "Ocwieja, Piotr"]
[Black "Janik, Andrzej"]
[Result "1/2-1/2"]
[BlackElo "1929"]
[BlackTitle "I"]
[WhiteElo "1668"]
[WhiteTitle "II"]

1. e4 c5 2. Nf3 Nc6 3. d4 cxd4 4. Nxd4 e6 5. Nc3 Qc7 6. Ndb5 Qb8 7. Be2 a6 8.
Nd4 Nge7 9. O-O Nxd4 10. Qxd4 b5 11. a3 Nc6 12. Qd3 Ne5 13. Qg3 h5 14. Bf4 d6
15. Rad1 h4 16. Qe3 Ng6 17. Qd2 Nxf4 18. Qxf4 Bb7 19. Rd2 Qc7 20. Rfd1 Bc6 21.
Na2 Be7 22. Nb4 Bd7 23. Bf3 a5 24. Nd3 g5 25. Qe3 Rg8 26. Ne5 Bc8 27. Ng4 Rb8
28. e5 d5 29. Nf6+ Bxf6 30. exf6 Kf8 31. b4 axb4 32. axb4 Rg6 33. Bh5 Rxf6 34.
Qxg5 Rf4 35. Qh6+ Ke7 36. Qg5+ Kf8 37. Rd4 Rf5 38. Qxh4 Bb7 39. Bg4 Re5 40.
Qh8+ Ke7 41. Qh4+ Kf8 42. Qf6 Ke8 43. h4 Re4 44. Rxe4 dxe4 45. h5 e3 46. fxe3
Qxc2 47. Bf3 Bxf3 48. Qxf3 Ke7 49. Rf1 Qh7 50. Qf6+ Ke8 51. h6 Rd8 52. g4 Qg8
53. Rf4 Rd5 54. Rd4 Rxd4 55. Qxd4 Qg6 56. Qf4 f5 57. g5 Kd7 58. Qd4+ Ke7 59.
Qc5+ Kf7  1/2-1/2

[Event "Mistrzostwa Polski Nauczycieli"]
[Site "Krakow"]
[Date "2010.06.04"]
[Round "5.9"]
[White "Remez, Serhiy"]
[Black "Kozlowski, Cezary"]
[Result "0-1"]
[BlackElo "1637"]
[BlackTitle "II"]
[WhiteElo "2019"]
[WhiteTitle "I"]

1. d4 e6 2. Nf3 f5 3. c4 Nf6 4. g3 c6 5. Bg2 Bb4+ 6. Nbd2 O-O 7. O-O d5 8. Ne5
Nbd7 9. Ndf3 Bd6 10. Bf4 Qe7 11. Qc2 Ne4 12. Nxd7 Bxd7 13. Bxd6 Qxd6 14. Ne5
Rac8 15. c5 Qc7 16. b4 Nf6 17. a4 Be8 18. Nd3 a6 19. Rfb1 g6 20. e3 Kg7 21. Bf1
Ra8 22. Qb2 Rf7 23. Ra3 Ne4 24. Ne5 Re7 25. Kg2 Nf6 26. Rb3 Ra7 27. b5 axb5 28.
axb5 Qa5 29. bxc6 bxc6 30. Rb8 Rec7 31. Rd8 Rcb7 32. Qxb7+ Rxb7 33. Rxb7+ Kh6
34. Rxe8 Nxe8 35. Nf7+ Kg7 36. Nd6+ Kh6 37. Nxe8 Qd8 38. Nd6 Qa8 39. Re7 Qa2
40. Rxe6 Kg7 41. Re7+ Kg8 42. Rc7 Qc2 43. Rxc6 g5 44. Rc8+ Kg7 45. Rc7+ Kg6 46.
Rf7 h5 47. Rxf5  0-1

[Event "Mistrzostwa Polski Nauczycieli"]
[Site "Krakow"]
[Date "2010.06.04"]
[Round "5.10"]
[White "Nawrot, Zbigniew"]
[Black "Kosiba, Marcin"]
[Result "1/2-1/2"]
[BlackElo "1905"]
[BlackTitle "II"]
[WhiteElo "1667"]
[WhiteTitle "II"]

1. e4 e5 2. Nf3 Nc6 3. Bb5 Nge7 4. O-O d6 5. d4 exd4 6. Nxd4 Bd7 7. Nxc6 Nxc6 8.
Nc3 Be7 9. Nd5 O-O 10. c4 f5 11. Bxc6 bxc6 12. Nxe7+ Qxe7 13. exf5 Rxf5 14. Be3
c5 15. Qd2 Raf8 16. Rae1 Qh4 17. f4 Bc6 18. Qf2 Qg4 19. Qg3 Qh5 20. h3 R5f6 21.
Rf2 Rg6 22. Qh2 Qh4 23. Ree2 Rg3 24. f5 Rxe3 25. Rxe3 Qxc4 26. Qg3 Rf7 27. f6
Qd4 28. Re7 g6 29. Rxf7 Kxf7 30. Qf4 Qxf4 31. Rxf4 Bb5 32. g4 g5 33. Rf5 h6 34.
Kf2 a5 35. b3 a4 36. Ke3 axb3 37. axb3 Bd7 38. Rf2 Be6 39. Rb2 Kxf6 40. b4 cxb4
41. Rxb4 c5 42. Ra4 d5 43. Ra5 c4 44. Kd4 h5 45. Ra6 hxg4 46. hxg4 Ke7 47. Ra7+
Kd6 48. Rg7 Bxg4 49. Rxg5 Bf3 50. Rg6+ Ke7 51. Ra6 Be4 52. Rh6 Kf7 53. Rb6 
1/2-1/2

[Event "Mistrzostwa Polski Nauczycieli"]
[Site "Krakow"]
[Date "2010.06.05"]
[Round "6.1"]
[White "Bielczyk, Jacek"]
[Black "Sadzikowski, Daniel"]
[Result "1/2-1/2"]
[BlackElo "2258"]
[BlackTitle "k++"]
[WhiteElo "2301"]
[WhiteTitle "IM"]

1. e4 e5 2. Nf3 Nc6 3. Bb5 a6 4. Ba4 Nf6 5. O-O Be7 6. Re1 b5 7. Bb3 d6 8. c3
O-O 9. h3 Bb7 10. d4 Re8 11. Ng5 Rf8  1/2-1/2

[Event "Mistrzostwa Polski Nauczycieli"]
[Site "Krakow"]
[Date "2010.06.05"]
[Round "6.3"]
[White "Kukula, Pawel"]
[Black "Slabek, Grzegorz"]
[Result "1/2-1/2"]
[BlackElo "2037"]
[BlackTitle "k"]
[WhiteElo "2261"]
[WhiteTitle "k+"]

1. d4 d5 2. Nf3 c6 3. c4 e6 4. Nc3 f5 5. Bf4 Nf6 6. e3 Be7 7. h3 O-O 8. Qc2 Ne4
9. O-O-O Nd7 10. Ne5 Nxe5 11. dxe5 Qa5 12. Nxe4 fxe4 13. Kb1 b5 14. cxb5 cxb5
15. Rc1 a6 16. Be2 Ra7 17. Rhd1 Bd7 18. Qd2 b4 19. b3 Bc5 20. Bg3 Qb6 21. Rc2
Rc7 22. Rdc1 a5 23. Bh4 Rfc8 24. Bd1 Bb5 25. Be2 Bd7 26. Bd1 a4 27. bxa4 Qa7
28. Bg4 Qxa4 29. Be7 Qa5 30. Bxc5 Rxc5 31. Rxc5 Rxc5 32. Rxc5 Qxc5 33. Qc2 Qb6
34. Be2 Kf7 35. Bh5+ Ke7  1/2-1/2

[Event "Mistrzostwa Polski Nauczycieli"]
[Site "Krakow"]
[Date "2010.06.05"]
[Round "6.4"]
[White "Wiecek, Pawel"]
[Black "Czyrnek, Stanislaw"]
[Result "1-0"]
[BlackElo "1990"]
[BlackTitle "I+"]
[WhiteElo "2047"]
[WhiteTitle "I+"]

1. d4 c5 2. d5 e5 3. c4 d6 4. e4 Nf6 5. Nc3 Be7 6. Bd3 O-O 7. Nge2 Ne8 8. Ng3
Bg5 9. O-O Nd7 10. Nce2 g6 11. Bd2 Ng7 12. Qc1 Bxd2 13. Qxd2 f5 14. f4 Qh4 15.
exf5 gxf5 16. fxe5 Nxe5 17. Rf4 Qg5 18. Qc2 Ng6 19. Rf2 Bd7 20. Raf1 Nh4 21.
Nf4 Rae8 22. Nge2 Re5 23. Nh3 Qg4 24. Qd2 Rfe8 25. Ng3 Ng6 26. Qh6 Qh4 27. Qd2
Qg4 28. Nf4 Nh4 29. Be2 Qg5 30. Bh5 Rf8 31. Qc3 Qe7 32. Re2 b5 33. Rfe1 Rxe2
34. Rxe2 Qg5 35. Nh3 Qd8 36. Qd2 f4 37. Nxf4 Qg5 38. Rf2 bxc4 39. Ng6 Rxf2 40.
Qxg5 Rxg2+ 41. Kf1 hxg6 42. Qxh4 Rxb2 43. Bxg6 c3 44. Qh7+ Kf8 45. Qh8+ Ke7 46.
Qxg7+ Kd8 47. Qxc3  1-0

[Event "Mistrzostwa Polski Nauczycieli"]
[Site "Krakow"]
[Date "2010.06.05"]
[Round "6.5"]
[White "Garbowska, Hanna"]
[Black "Bujak, Jozef"]
[Result "0-1"]
[BlackElo "1926"]
[BlackTitle "I"]
[WhiteElo "2036"]
[WhiteTitle "k"]

1. e4 Nf6 2. e5 Nd5 3. d4 d6 4. Nf3 Bg4 5. Be2 e6 6. O-O Be7 7. c4 Nb6 8. Nc3
O-O 9. Be3 d5 10. cxd5 exd5 11. Qc2 Nc6 12. a3 Qd7 13. h3 Bf5 14. Bd3 Bxd3 15.
Qxd3 Nd8 16. Ne2 Ne6 17. Ng3 Rae8 18. Nf5 f6 19. Rad1 Nc4 20. Bc1 c6 21. Rfe1
fxe5 22. dxe5 Qc7 23. b3 Nb6 24. b4 Nc4 25. N3h4 Bxh4 26. Nxh4 Nxe5 27. Qg3 Ng6
28. Qg4 Nxh4 29. Rxe6 Rxe6 30. Qxe6+ Qf7 31. Qxf7+ Kxf7 32. Re1 Re8 33. Rxe8
Kxe8 34. Be3 a6 35. g4 d4 36. Bf4 Kf7 37. Kh2 Ke6 38. Kg3 Ng6 39. Bc1 b6 40. f4
Kd5 41. h4 Ke4 42. h5 Ne7 43. f5 Nxf5+ 44. gxf5 Kxf5 45. Kf3 c5 46. bxc5 bxc5
47. a4 g6 48. hxg6 hxg6 49. Ba3 c4 50. Bc5 Ke5 51. Ke2 Ke4 52. Bf8 c3 53. Kd1
Kd3 54. Bg7 Kc4 55. Bf6 d3 56. Kc1 Kb3  0-1

[Event "Mistrzostwa Polski Nauczycieli"]
[Site "Krakow"]
[Date "2010.06.05"]
[Round "6.6"]
[White "Ciba, Przemyslaw"]
[Black "Szymczak, Rafal"]
[Result "1/2-1/2"]
[BlackElo "2064"]
[BlackTitle "I++"]
[WhiteElo "1942"]
[WhiteTitle "II+"]

1. b3 e5 2. e4 d6 3. Nf3 Nc6 4. Bb5 Bd7 5. O-O Nf6 6. d4 Nxd4 7. Bxd7+ Qxd7 8.
Nxd4 exd4 9. Qxd4 Be7 10. Bb2 O-O  1/2-1/2

[Event "Mistrzostwa Polski Nauczycieli"]
[Site "Krakow"]
[Date "2010.06.05"]
[Round "6.7"]
[White "Janik, Andrzej"]
[Black "Remez, Serhiy"]
[Result "0-1"]
[BlackElo "2019"]
[BlackTitle "I"]
[WhiteElo "1929"]
[WhiteTitle "I"]

1. Nf3 d5 2. g3 c5 3. Bg2 Nc6 4. O-O e5 5. d3 Nf6 6. Nbd2 h6 7. e4 d4 8. Nc4 Qc7
9. a4 g5 10. c3 Be6 11. cxd4 cxd4 12. Ne1 Rg8 13. Na3 O-O-O 14. Bd2 Kb8 15. Nb5
Qd7 16. f4 gxf4 17. gxf4 Bh3 18. fxe5 Bxg2 19. Nxg2 Ng4 20. Kh1 Ngxe5 21. Bf4
a6 22. Na3 Bd6 23. Rc1 Qh3 24. Qc2 Nxd3 25. Bxd6+ Rxd6 26. Nf4 Nxf4 27. Rxf4 d3
28. Qd2 Rdg6 29. Rf2 Rg4 30. Re1 Ne5 31. Qd1 Rg2  0-1

[Event "Mistrzostwa Polski Nauczycieli"]
[Site "Krakow"]
[Date "2010.06.05"]
[Round "6.8"]
[White "Michalik, Marek"]
[Black "Sadzikowski, Marian"]
[Result "0-1"]
[BlackElo "1911"]
[BlackTitle "I"]
[WhiteElo "1824"]
[WhiteTitle "I"]

1. e4 b6 2. d4 Bb7 3. Nc3 e6 4. a3 Nf6 5. Bd3 c5 6. Be3 c4 7. Bxc4 Nxe4 8. d5
Nxc3 9. bxc3 Qc7 10. Qd3 exd5 11. Bxd5 Bxd5 12. Qxd5 Qxc3+ 13. Ke2 Qxc2+ 14.
Bd2 Qc6 15. Qg5 Be7 16. Qg3 O-O 17. Kf1 Na6 18. Ne2 Rfe8 19. h4 Qg6 20. Qh3 Nc5
21. Nf4 Qc2 22. Be3 Nb3 23. Re1 d5 24. Nh5 d4 25. Bf4 Bxh4 26. Rxe8+ Rxe8 27.
Kg1 Qd1+ 28. Kh2 Qxh5 29. g3 Bxg3+ 30. Kxg3 Qxh3+  0-1

[Event "Mistrzostwa Polski Nauczycieli"]
[Site "Krakow"]
[Date "2010.06.05"]
[Round "6.9"]
[White "Ruggiero, Janusz"]
[Black "Beker, Cezary"]
[Result "1/2-1/2"]
[BlackElo "1849"]
[BlackTitle "II"]
[WhiteElo "1669"]
[WhiteTitle "II"]

1. d4 Nf6 2. c4 g6 3. Nc3 d5 4. Bf4 c6 5. e3 Bg7 6. Nf3 O-O 7. Bd3 Bg4 8. h3
Bxf3 9. Qxf3 Re8 10. O-O dxc4 11. Bxc4 Nbd7 12. Rfd1 Nb6 13. Bb3 Nbd5 14. Be5
e6 15. Rac1 Qe7 16. Na4 Nd7 17. Bxg7 Kxg7 18. Nc5 Nxc5 19. Rxc5 Rad8 20. Qg3 f6
21. h4 Qc7 22. Qxc7+ Nxc7 23. g3 Rd6 24. Rdc1 Red8 25. Kg2 Nd5  1/2-1/2

[Event "Mistrzostwa Polski Nauczycieli"]
[Site "Krakow"]
[Date "2010.06.05"]
[Round "6.10"]
[White "Kosiba, Marcin"]
[Black "Ocwieja, Piotr"]
[Result "0-1"]
[BlackElo "1668"]
[BlackTitle "II"]
[WhiteElo "1905"]
[WhiteTitle "II"]

1. e4 e5 2. f4 exf4 3. Nf3 d6 4. d4 g5 5. Bc4 h6 6. O-O Bg7 7. c3 Nc6 8. b4 Bd7
9. a4 Nge7 10. Ra2 f5 11. Re2 fxe4 12. Rxe4 Bf5 13. Bd3 Bxe4 14. Bxe4 d5 15.
Bc2 Qd7 16. Nfd2 O-O-O 17. Nb3 b6 18. Qd3 Nb8 19. a5 h5 20. Na3 h4 21. h3 g4
22. Bxf4 gxh3 23. gxh3 Rdg8 24. Kh2 Bh6 25. Be5 Bg7 26. Bf4 Rf8 27. Nb5 Kb7 28.
Bxc7 Rxf1 29. Qxf1 Rf8 30. Qe2 a6 31. Bxb6 Rc8 32. Na3 Qd6+ 33. Kh1 Rxc3 34.
Nc5+ Ka8 35. Bd3 Rc1+ 36. Qf1 Rxf1+ 37. Bxf1  0-1

[Event "Mistrzostwa Polski Nauczycieli"]
[Site "Krakow"]
[Date "2010.06.05"]
[Round "7.1"]
[White "Sadzikowski, Daniel"]
[Black "Wiecek, Pawel"]
[Result "1/2-1/2"]
[BlackElo "2047"]
[BlackTitle "I+"]
[WhiteElo "2258"]
[WhiteTitle "k++"]

1. e4 e5 2. Nf3 Nf6 3. Nxe5 d6 4. Nf3 Nxe4 5. Qe2 Qe7 6. d3 Nf6 7. Bg5 Qxe2+ 8.
Bxe2 Be7 9. Nc3 Bd7 10. O-O-O Nc6 11. d4 h6 12. Bh4 O-O-O 13. Bc4 Be8 14. Rhe1
g5 15. d5 Ne5 16. Nxe5 dxe5 17. Bg3 Bd6 18. Rxe5 Nh5 19. Ree1 Nxg3 20. fxg3 f5
21. Rf1 Rf8 22. Bd3 f4 23. g4 Bc5 24. Be4 Be3+ 25. Kb1 Bd7 26. Bf3 Rfe8 27. b3
Re5 28. Ne2 Bb5 29. c4 Be8 30. Nd4 c6 31. Kb2 Bf7 32. Nf5 cxd5 33. Bxd5 Bxd5
34. cxd5 h5 35. h3 hxg4 36. hxg4 Kb8 37. d6 Bc5 38. Kc3 a5 39. Kc4 Bb4 40. Kd4
Re2 41. Kd5 Rxg2 42. Ke6 Rxg4 43. Nh6 Rg2 44. Ke7 Rxd6 45. Rxd6 Rd2 46. Nf5 Rb2
47. Rf3 Kc7 48. Rd3 Rxa2 49. Kf6 Bxd6 50. Nxd6 g4 51. Nf5 f3 52. Rd1 Rb2 53.
Kg5 Rxb3 54. Kxg4 f2 55. Rf1 Rb2 56. Kf3 a4 57. Rxf2 a3 58. Rf1 a2 59. Ra1 Kc6
60. Ke3 Kc5 61. Kd3 b5 62. Nd4 Rb1 63. Rxa2 Rd1+ 64. Kc2 Rxd4  1/2-1/2

[Event "Mistrzostwa Polski Nauczycieli"]
[Site "Krakow"]
[Date "2010.06.05"]
[Round "7.3"]
[White "Bujak, Jozef"]
[Black "Wlodarczyk, Oskar"]
[Result "0-1"]
[BlackElo "2328"]
[BlackTitle "m"]
[WhiteElo "1926"]
[WhiteTitle "I"]

1. d4 Nf6 2. c4 c5 3. d5 e5 4. Nc3 d6 5. e4 Be7 6. Nf3 O-O 7. Be2 Ne8 8. O-O Nd7
9. Be3 g6 10. Nd2 Ng7 11. f4 f5 12. Bd3 fxe4 13. Bxe4 exf4 14. Bxf4 Nh5 15. Be3
Ne5 16. Rxf8+ Qxf8 17. Nf3 Nxc4 18. Bf2 Bf6 19. Qe2 Ne5 20. Nxe5 Bxe5 21. Qb5
Nf6 22. Re1 Ng4 23. Bg3 Bxg3  0-1